Normal view
MARC view
- Moriña Díez, Anabel
Entry Nombre Personal
001 - NUMERO DE CONTROL
- campo de control: 31436
003 - IDENTIFICADOR DE NUMERO DE CONTROL
- campo de control: UPN
005 - FECHA Y HORA DE LA ÜLTIMA TRANSACCIÓN
- campo de control: 20210219194423.0
008 - DATOS DE LONGITUD FIJA
- campo de control de longitud fija: nabaccnnaabn|||||||||| b |nc|||||d
035 ## - NUMERO DE CONTROL
- Número de control: UPN11000003542
040 ## - FUENTE DE CATALOGACIÓN
- Lenguaje de catalogación: SPA
- Agencia de transcripción: UPN
100 1# - ENCABEZAMIENTO - NOMBRE PERSONAL
- Nombre personal: Moriña Díez, Anabel
670 ## - FUENTE EN LA QUE SE LOCALIZARON DATOS
- Cita de la fuente: T
- Uniform Resource Identifier: http://investigacion.us.es/sisius/sis_showpub.php?idpers=5618
680 ## - NOTA PUBLICA DE ACCESO PÚBLICO
- Frase explicativa de la referencia: Profesor, escribe sobre tema de educación inclusiva, discapacidad y enseñanza superior e investigación
902 ## - CATALOGADOR
- Catalogador: CAA/101011
